UBT Library

Intermediaries in international conflict / (Record no. 334)

000 -LEADER
fixed length control field 01124pam a2200265 a 4500
005 - DATE AND TIME OF LATEST TRANSACTION
control field 20131115085623.0
008 - FIXED-LENGTH DATA ELEMENTS--GENERAL INFORMATION
fixed length control field 910917s1992 nju b 001 0 eng
020 ## - INTERNATIONAL STANDARD BOOK NUMBER
International Standard Book Number 0691078971
041 0# - LANGUAGE CODE
Language code of text/sound track or separate title eng
080 ## - UNIVERSAL DECIMAL CLASSIFICATION NUMBER
Universal Decimal Classification number 341
100 1# - Rafti
Rafti Princen, Tom,
100 1# - Rafti
-- 1951-
245 10 - TITLE STATEMENT
Title Intermediaries in international conflict /
Statement of responsibility, etc Thomas Princen.
260 ## -
-- Princeton, N.J. :
-- Princeton University Press,
-- c1992.
300 ## -
-- xv, 263 f. ;
-- 25 cm.
500 ## -
-- Preface : f. XIII-XV
500 ## -
-- "Written under the auspices of the Center of International Studies, Princeton University."
504 ## - BIBLIOGRAPHY, ETC. NOTE
Bibliography, etc Includes bibliographical references (p. [253]-259) and index.
650 #0 -
-- Ndërmjetësimi, International.
650 #0 -
-- E drejta ndërkombëtare
650 #0 -
-- Zgjidhja e mosmarrëveshjeve pacifike ndërkombëtare.
710 2# -
-- Woodrow Wilson School of Public and International Affairs.
-- Center of International Studies.
856 42 -
-- Publisher description
-- http://www.loc.gov/catdir/description/prin031/91036138.html
856 41 -
-- Table of contents
-- http://www.loc.gov/catdir/toc/prin031/91036138.html
942 ## - ADDED ENTRY ELEMENTS (KOHA)
Source of classification or shelving scheme
Item type Books
Holdings
Withdrawn status Lost status Source of classification or shelving scheme Damaged status Not for loan Collection code Permanent location Current location Shelving location Date acquired Total Checkouts Full call number Barcode Date last seen Koha item type
          Koleksioni i përgjithshem UBT - Prishtine UBT - Prishtine Koleksioni i përgjithshem 11/15/2013   341 PRI 001-000436 11/15/2013 Books
UBT Library © 2015-2024. All rights reserved University Education for Business and Technology